Programa de investigación "Cultura política, estado y políticas públicas en Centro América": una justificación /

সংরক্ষণ করুন:
গ্রন্থ-পঞ্জীর বিবরন
প্রধান লেখক: Mora Alfaro, Jorge A.
অন্যান্য লেখক: Rovira Mas, Jorge
বিন্যাস: পাঠ‍্য
প্রকাশিত: San Pedro de M. de O.: UCR. SEP. Maestría Centroamericana en Sociología
ট্যাগগুলো: ট্যাগ যুক্ত করুন
কোনো ট্যাগ নেই, প্রথমজন হিসাবে ট্যাগ করুন!

MARC

LEADER 00000 a a2200000 04500
001 15826
003
040
090 |a 020100  
100 |a Mora Alfaro, Jorge A.  
245 |a Programa de investigación "Cultura política, estado y políticas públicas en Centro América": una justificación /  |c Jorge A. Mora Alfaro 
260 |a San Pedro de M. de O.:   |b UCR. SEP. Maestría Centroamericana en Sociología  
300 |a 54 p.  
700 |a Rovira Mas, Jorge  
999 |c 13110  |d 13110